Postavenie podnikov cestovného ruchu v štruktúre ekonomických subjektov a jeho vývoj

Táto kapitola sa zameriava z priestorových dôvodov len na niekoľko vybraných ekonomických kategórií – malé a stredné podniky, rodinné podniky a sociálne podniky. Úlohou dnešných dní je pritom intenzívna spolupráca v rámci EÚ ako vzájomné obohacovanie poznatkov a zdokonaľovanie vedeckých stanovísk.

Salvato in:
Dettagli Bibliografici
Autore principale: Strážovská, Helena
Altri autori: Veszprémi Sirotková, Anna, 1966-
Natura: Capitolo di libro
Lingua:slovacco
Soggetti:
Tags: Aggiungi Tag
Nessun Tag, puoi essere il primo ad aggiungerne!!

MARC

LEADER 00000naa$a2200000$$$4500
001 0271627
005 20240502083825.9
041 0 |a slo 
044 |a CZ 
245 1 0 |a Postavenie podnikov cestovného ruchu v štruktúre ekonomických subjektov a jeho vývoj  |c Helena Strážovská, Anna Veszprémi Sirotková 
520 |a Táto kapitola sa zameriava z priestorových dôvodov len na niekoľko vybraných ekonomických kategórií – malé a stredné podniky, rodinné podniky a sociálne podniky. Úlohou dnešných dní je pritom intenzívna spolupráca v rámci EÚ ako vzájomné obohacovanie poznatkov a zdokonaľovanie vedeckých stanovísk. 
610 2 0 |a podnikanie 
610 2 0 |a podnikanie malé 
610 2 0 |a ruch cestovný 
610 2 0 |a nástroje ekonomické 
100 1 |a Strážovská, Helena 
700 1 |a Veszprémi Sirotková, Anna, 1966-